000 01142nas a2200289Ia 4500
001 R455/G6454
003 IT-RoPAU
008 151124c99999999xx |||||||||||| ||und||
040 _aIT-RoPAU
040 _cIT-RoPAU
041 _aITALIANO
100 _aAA.VV.
_gCodice Aut. SPICS: 12000
210 _aJESUS
222 _aJesus
245 _aJESUS, ANNO 23-N.02 (FEBBRAIO 2001)
_bBibbia Superstar: Le "Scuole Della Parola"
250 _a1a ed.
260 _aALBA (CN)
_bPERIODICI SAN PAOLO
_c2001
501 _bPaulus - SPICS - Società San Paolo EM (non-commercial uses only)
_cCopyright2015
300 _a13 p. [47-59]
362 _aANNO 023, N.02 (FEBBRAIO 2001)
500 _aSono Esplose Silenziosamente in Tutta Italia Spontaneamente Dal Basso, e Oggi Migliaia di Credenti le Frequentano per "Tornare Alla Sorgente" e Irrobustire la Propria Vita Spirituale. Cercando Dio tra le Righe di A. Valle. La Parola tra Fede, Cultura e Is
650 _aPASTORALE
_vPUBBLICAZIONE PERIODICA
700 _aFerro' Giovanni
700 _aValle Annachiara
700 _gCodice Aut. SPICS: 54920Codice Aut. SPICS: 51323
942 _cCR
999 _c146705
_d146705